[Event "?"]
[Site "?"]
[Date "2003.06.14"]
[Round "?"]
[White "Dubina"]
[Black "Baeak"]
[Result "1-0"]
[WhiteElo "1502"]
[BlackElo "1995"]
[PlyCount "35"]
[EventDate "2003.06.14"]

{1MB, Fritz4.ctg
} 1. e4 e5 2. Nf3 Nc6 3. d4 exd4 4. Nxd4 Nf6 5. Nc3 Bb4 6.
Nxc6 bxc6 7. Bd2 O-O 8. Bd3 Re8 9. Qe2 d5 10. e5 Bg4 11. f3 Nd7 12. O-O Rxe5
13. Qf2 Bc5 14. fxg4 Bxf2+ 15. Rxf2 Nc5 16. Bf1 Qd7 17. g5 Rae8 18. Bf4 1-0

[Event "Level=Blitz:4'+2". "]
[Site "?"]
[Date "2003.06.14"]
[Round "?"]
[White "Bouda"]
[Black "Danik, L."]
[Result "0-1"]
[WhiteElo "1308"]
[BlackElo "1949"]
[PlyCount "38"]
[EventDate "2003.06.04"]

{1MB, Fritz4.ctg
} 1. f4 c5 2. Nf3 Nf6 3. d4 cxd4 4. Qxd4 Nc6 5. Qc3 e5 6. Qe3
Ng4 7. Qd2 e4 8. Nd4 Bc5 9. c3 e3 10. Qd3 Nxd4 11. cxd4 Bb4+ 12. Nc3 Qe7 13. h3
Qh4+ 14. Kd1 Nf2+ 15. Kc2 Nxd3 16. Kxd3 Qe1 17. a3 Bxc3 18. bxc3 b6 19. Bb2
Qd2+ 0-1

[Event "?"]
[Site "?"]
[Date "2003.06.14"]
[Round "2"]
[White "Doležal"]
[Black "Zavodsky"]
[Result "0-1"]
[WhiteElo "1250"]
[BlackElo "1773"]
[PlyCount "112"]
[EventDate "2003.06.14"]

{1MB, Fritz4.ctg
} 1. e4 e6 2. d4 d5 3. e5 c5 4. Nc3 cxd4 5. Qxd4 Nc6 6. Bb5
Bd7 7. Bxc6 bxc6 8. Na4 Qa5+ 9. Bd2 Qb5 10. Be3 Bb4+ 11. c3 Qxa4 12. Qxb4 Qxb4
13. cxb4 Ne7 14. Ne2 a5 15. bxa5 Rxa5 16. O-O c5 17. Bd2 Ra7 18. b4 Bb5 19.
Rfe1 Bxe2 20. Rxe2 c4 21. Bc3 Kd7 22. a4 Rha8 23. a5 Kc6 24. Rea2 Kb5 25. Kf1
Nc6 26. Ke2 d4 27. Be1 Nxe5 28. Rd1 Nd3 29. Rxd3 cxd3+ 30. Kxd3 e5 31. Rc2 Re7
32. f3 Ka6 33. Rc6+ Kb7 34. b5 Re6 35. a6+ Kb8 36. Rxe6 fxe6 37. Kc4 Ka7 38.
Bb4 Rc8+ 39. Bc5+ Rxc5+ 40. Kxc5 d3 41. b6+ Kxa6 42. Kc6 d2 43. b7 d1=Q 44.
b8=Q Qc2+ 45. Kd7 Qxg2 46. Qxe5 Qxf3 47. Qxe6+ Kb7 48. Kd6 Qf4+ 49. Qe5 g5 50.
h4 Qxe5+ 51. Kxe5 g4 52. Kf4 h5 53. Kg3 Kc6 54. Kf4 Kd5 55. Kg3 Ke4 56. Kh2 Kf3
0-1

[Event "?"]
[Site "?"]
[Date "2003.06.14"]
[Round "?"]
[White "Martisek"]
[Black "Hlavaeek"]
[Result "1-0"]
[WhiteElo "1759"]
[BlackElo "1250"]
[PlyCount "45"]
[EventDate "2003.06.14"]

{1MB, Fritz4.ctg
} 1. e4 e5 2. Nf3 Nc6 3. Bb5 Nf6 4. O-O a6 5. Bxc6 dxc6 6.
Nxe5 Bd6 7. Nf3 O-O 8. e5 Bg4 9. exd6 Qxd6 10. Nc3 Bh5 11. h3 Nd5 12. Ne4 Qe6
13. d3 f5 14. Ng3 Bxf3 15. Qxf3 Rae8 16. Bd2 f4 17. Ne4 Qe5 18. Nc3 Qg5 19.
Rae1 Ne3 20. fxe3 fxe3 21. Bxe3 Rxf3 22. Bxg5 Rxe1 23. Rxe1 1-0

[Event "?"]
[Site "?"]
[Date "2003.06.14"]
[Round "?"]
[White "Palasek"]
[Black "Prokopec"]
[Result "1-0"]
[WhiteElo "1100"]
[BlackElo "1680"]
[PlyCount "70"]
[EventDate "2003.06.14"]

{1MB, Fritz4.ctg
} 1. e4 e5 2. Nf3 Nc6 3. Nc3 d6 4. Bb5 Bg4 5. O-O a6 6. Ba4
b5 7. Bb3 Nd4 8. d3 Nxf3+ 9. gxf3 Bh3 10. Be3 Qf6 11. Ne2 Qxf3 12. Nf4 Qxd1 13.
Rfxd1 exf4 14. Bd5 Rb8 15. Bc6+ Bd7 16. Bxd7+ Kxd7 17. Bxf4 Nf6 18. d4 Nxe4 19.
f3 Nf6 20. Re1 Nd5 21. Bg5 Be7 22. Bxe7 Nxe7 23. b3 Nf5 24. c4 Nxd4 25. Re4
Nxf3+ 26. Kf2 Ne5 27. c5 Nd3+ 28. Ke3 Nxc5 29. Rf4 Rhe8+ 30. Kd2 Re7 31. Rg4 g6
32. Rd1 Rbe8 33. Kc1 Re2 34. Rg5 Ne4 35. Rgd5 Nc3 1-0

[Event "?"]
[Site "?"]
[Date "2003.06.14"]
[Round "?"]
[White "Rozsypalek"]
[Black "Rysavy, Jan"]
[Result "1-0"]
[WhiteElo "1670"]
[BlackElo "1250"]
[PlyCount "62"]
[EventDate "2003.06.14"]

{1MB, Fritz4.ctg
} 1. e4 e5 2. Bc4 Bc5 3. Qf3 Nf6 4. d3 Nc6 5. c3 O-O 6. a3 a5
7. h3 d5 8. exd5 Ne7 9. Bg5 Qd6 10. Bxf6 Qxf6 11. Qxf6 gxf6 12. Nd2 Bf5 13. Ne4
Bxe4 14. dxe4 c6 15. Rd1 Rad8 16. dxc6 Rxd1+ 17. Kxd1 bxc6 18. Ke2 Rd8 19. Nf3
Ng6 20. g3 Kg7 21. Ra1 Rb8 22. b4 axb4 23. axb4 Bf8 24. Ra7 Ne7 25. Nh4 Ng6 26.
Rxf7+ Kh8 27. Nxg6+ hxg6 28. Rxf6 Bh6 29. Rxg6 Kh7 30. Rxc6 Re8 31. Bd5 Bf8 1-0

[Event "?"]
[Site "?"]
[Date "2003.06.14"]
[Round "?"]
[White "Rysavy, Jindoich"]
[Black "Petr"]
[Result "0-1"]
[WhiteElo "1100"]
[BlackElo "1649"]
[PlyCount "54"]
[EventDate "2003.06.14"]

{1MB, Fritz4.ctg
} 1. e4 e5 2. Nf3 Nc6 3. Nc3 Nf6 4. Bb5 Bc5 5. Nxe5 Nxe5 6.
d4 Bxd4 7. Qxd4 Nc6 8. Bxc6 dxc6 9. Qxd8+ Kxd8 10. O-O Be6 11. Bg5 h6 12. Bxf6+
gxf6 13. Rad1+ Ke7 14. Rd2 Rad8 15. Rxd8 Rxd8 16. Rd1 Rg8 17. f4 f5 18. a3 fxe4
19. Nxe4 Bd5 20. Ng3 Rg4 21. Rf1 Kd8 22. h3 Rxg3 23. Rd1 Kc8 24. Rd2 Rg8 25. g4
h5 26. g5 h4 27. Rf2 f6 0-1

[Event "Level=Blitz:4'+2". "]
[Site "?"]
[Date "2003.06.15"]
[Round "?"]
[White "Dvooak, Petr"]
[Black "Slavik"]
[Result "1-0"]
[WhiteElo "1604"]
[BlackElo "1100"]
[PlyCount "81"]
[EventDate "2003.06.04"]

{1MB, Fritz4.ctg
} 1. e4 e5 2. Nf3 Nc6 3. Bb5 a6 4. Ba4 b5 5. Bb3 Nf6 6. Ng5
d5 7. exd5 Nxd5 8. Qf3 Qe7 9. Qxd5 Bb7 10. Qxf7+ Qxf7 11. Bxf7+ Ke7 12. Bb3 Kf6
13. d3 Bc5 14. Ne4+ Ke7 15. Nxc5 Na5 16. Nxb7 Nxb7 17. Nc3 Nc5 18. Bd5 Rad8 19.
Bg5+ Kd6 20. Bxd8 Rxd8 21. O-O-O c6 22. Bf3 b4 23. Ne4+ Nxe4 24. dxe4+ Kc7 25.
Rxd8 Kxd8 26. Rd1+ Kc7 27. Bg4 c5 28. Rd7+ Kc6 29. Rxg7 h6 30. Rg6+ Kb5 31.
Rxh6 a5 32. Be2+ c4 33. g4 a4 34. g5 b3 35. cxb3 axb3 36. axb3 Kc5 37. g6 cxb3
38. g7 Kd4 39. g8=Q Kxe4 40. Qg4+ Kd5 41. Qc4# 1-0

[Event "?"]
[Site "?"]
[Date "2003.06.14"]
[Round "2"]
[White "Brazdil"]
[Black "Martisek"]
[Result "1-0"]
[WhiteElo "2167"]
[BlackElo "1759"]
[PlyCount "59"]
[EventDate "2003.06.14"]

{1MB, Fritz4.ctg
} 1. e4 e5 2. Nf3 Nc6 3. Bb5 a6 4. Ba4 Nf6 5. O-O Be7 6. Re1
b5 7. Bb3 d6 8. c3 O-O 9. h3 Na5 10. Bc2 c5 11. d4 Qc7 12. Nbd2 Bd7 13. Nf1
Rfc8 14. Bd3 b4 15. Bd2 Rcb8 16. cxb4 cxb4 17. Rc1 Qd8 18. dxe5 dxe5 19. Nxe5
Be6 20. Bb1 Rc8 21. Rxc8 Rxc8 22. Qe2 Nc4 23. Bf4 a5 24. Ne3 Nxe5 25. Bxe5 Qb6
26. Bf4 a4 27. e5 Nd5 28. Nxd5 Bxd5 29. Qd3 g6 30. Qxd5 1-0

[Event "?"]
[Site "?"]
[Date "2003.06.14"]
[Round "?"]
[White "Zavodsky"]
[Black "Stec"]
[Result "1/2-1/2"]
[WhiteElo "1773"]
[BlackElo "2055"]
[PlyCount "34"]
[EventDate "2003.06.14"]

{1MB, Fritz4.ctg
} 1. d4 Nf6 2. c4 g6 3. Nc3 Bg7 4. e4 d6 5. f3 O-O 6. Be3 e5
7. d5 Nbd7 8. Bd3 Ne8 9. Qd2 f5 10. Bg5 Bf6 11. Bh6 Bg7 12. Bg5 Bf6 13. Bh6 Bg7
14. Bg5 Ndf6 15. h4 Qd7 16. Nge2 Rf7 17. O-O-O fxe4 1/2-1/2

[Event "Level=Blitz:4'+2". "]
[Site "?"]
[Date "2003.06.14"]
[Round "2"]
[White "Baeak, Martin"]
[Black "Rozsypalek"]
[Result "0-1"]
[WhiteElo "1995"]
[BlackElo "1670"]
[PlyCount "74"]
[EventDate "2003.06.04"]

{1MB, Fritz4.ctg
} 1. e4 e6 2. d4 b6 3. Bd3 Bb7 4. c3 g6 5. Nf3 d6 6. Be3 Bg7
7. Nbd2 Nd7 8. Nf1 Ngf6 9. Ng3 h6 10. h3 g5 11. Qd2 Qe7 12. Bc2 Ba6 13. Nh2 c5
14. O-O-O O-O-O 15. Ng4 h5 16. Nxf6 Bxf6 17. Bd3 Bxd3 18. Qxd3 Kb7 19. Qe2 h4
20. Nf1 Bg7 21. Nd2 cxd4 22. cxd4 d5 23. Qg4 f6 24. exd5 exd5 25. Rhe1 Qd6 26.
f4 Bh6 27. Bf2 Rhe8 28. Nf3 Rxe1 29. Rxe1 Rc8+ 30. Kb1 Qc7 31. Be3 Qc2+ 32. Ka1
f5 33. Qh5 Qxg2 34. fxg5 Rc2 35. Bc1 Bxg5 36. Nxg5 Qf2 37. Qe8 Nb8 0-1

[Event "?"]
[Site "?"]
[Date "2003.06.14"]
[Round "2"]
[White "Danik, Libor"]
[Black "Dvooak, Petr"]
[Result "1-0"]
[WhiteElo "1949"]
[BlackElo "1604"]
[PlyCount "63"]
[EventDate "2003.06.14"]

{1MB, Fritz4.ctg
} 1. e4 c5 2. Nf3 Nc6 3. d4 cxd4 4. Nxd4 Nf6 5. Nc3 e5 6.
Ndb5 d6 7. Bg5 a6 8. Bxf6 gxf6 9. Na3 b5 10. Nd5 Bg7 11. Bd3 Be6 12. c3 Ne7 13.
Nxe7 Qxe7 14. Nc2 Rc8 15. a4 O-O 16. O-O Bc4 17. Ne3 Qe6 18. Bxc4 bxc4 19. Nf5
Kh8 20. Qxd6 Qxd6 21. Nxd6 Rc6 22. Rfd1 Kg8 23. a5 Rb8 24. Nf5 Bf8 25. Rd2 Rc5
26. h4 Rcb5 27. Ra2 R5b7 28. h5 Rc7 29. h6 Rc6 30. Ra4 Re8 31. Kh2 Be7 32.
Nxe7+ 1-0

[Event "Level=Blitz:4'+2". "]
[Site "?"]
[Date "2003.06.15"]
[Round "4.12"]
[White "Danik, Roman"]
[Black "Slavik"]
[Result "1-0"]
[WhiteElo "1000"]
[BlackElo "1100"]
[PlyCount "73"]
[EventDate "2003.06.04"]

{1MB, Fritz4.ctg
} 1. e4 e5 2. Nf3 Nc6 3. Bb5 a6 4. Bxc6 dxc6 5. O-O Bd6 6.
Nc3 Nf6 7. d3 Bg4 8. h3 Bxf3 9. Qxf3 Qd7 10. Qg3 O-O-O 11. Qxg7 Qe6 12. Bg5
Rdg8 13. Qxf6 Rg6 14. Qxe6+ Rxe6 15. Ne2 Rg8 16. Be3 b6 17. Ng3 c5 18. Nf5 a5
19. Nxd6+ cxd6 20. b3 f6 21. a4 Kb7 22. c4 Kc6 23. f4 exf4 24. Bxf4 Rd8 25. Rf3
h5 26. Rg3 Re7 27. Rg6 Rf8 28. Bh6 Rff7 29. Rf1 Re6 30. Rg8 f5 31. Rc8+ Kd7 32.
Rb8 Kc7 33. exf5 Rxh6 34. Re8 h4 35. Rfe1 Rxf5 36. R1e7+ Kc6 37. Rc8# 1-0

[Event "?"]
[Site "?"]
[Date "2003.06.14"]
[Round "2"]
[White "Prokopec"]
[Black "Vymital"]
[Result "0-1"]
[WhiteElo "1680"]
[BlackElo "1863"]
[PlyCount "68"]
[EventDate "2003.06.14"]

{1MB, Fritz4.ctg
} 1. e4 e6 2. d4 d5 3. exd5 exd5 4. Bd3 Bd6 5. Nf3 Nf6 6. O-O
O-O 7. Bg5 Bg4 8. Nbd2 Nbd7 9. c3 c6 10. Qc2 Qc7 11. h3 Bh5 12. Rfe1 Rfe8 13.
Re3 Rxe3 14. Bxe3 Re8 15. Ng5 Bg6 16. Bxg6 hxg6 17. Ngf3 Ne4 18. c4 Nxd2 19.
Nxd2 dxc4 20. Nxc4 Nf6 21. Nxd6 Qxd6 22. Qc5 Qb8 23. Rd1 Nd5 24. Rd3 a6 25. a4
Qc7 26. b4 Qd7 27. Rb3 Qe6 28. b5 cxb5 29. axb5 Rc8 30. Qa7 Nxe3 31. Rxe3 Rc1+
32. Kh2 Qd6+ 33. g3 Qd5 34. Qb8+ Kh7 0-1

[Event "?"]
[Site "?"]
[Date "2003.06.14"]
[Round "2"]
[White "Petr"]
[Black "Konopecky"]
[Result "1-0"]
[WhiteElo "1649"]
[BlackElo "1981"]
[PlyCount "75"]
[EventDate "2003.06.14"]

{1MB, Fritz4.ctg
} 1. e4 g6 2. d4 Bg7 3. Nf3 d6 4. Nc3 Nc6 5. Be3 e5 6. Bb5
Bd7 7. O-O exd4 8. Nxd4 Nge7 9. Nxc6 Nxc6 10. Bxc6 Bxc6 11. Bd4 O-O 12. Bxg7
Kxg7 13. Qd4+ f6 14. Rad1 Qd7 15. Rfe1 Qf7 16. Nd5 Rae8 17. c4 b6 18. b3 Re5
19. f3 Rfe8 20. Kf1 Kg8 21. Rd2 Bxd5 22. cxd5 f5 23. Rde2 R8e7 24. Kg1 Qe8 25.
Qc4 a5 26. a4 Kf7 27. Kf2 fxe4 28. Rxe4 Rxe4 29. Rxe4 Rxe4 30. fxe4 Qe7 31. g3
Qf6+ 32. Kg2 Qe7 33. Qd4 g5 34. Qf2+ Qf6 35. g4 Qxf2+ 36. Kxf2 Kf6 37. Kf3 Ke7
38. Ke3 1-0

[Event "Slavik 2003"]
[Site "?"]
[Date "2003.06.14"]
[Round "2.7"]
[White "Dopita"]
[Black "Mureek"]
[Result "1-0"]
[WhiteElo "1401"]
[BlackElo "1597"]
[PlyCount "144"]
[EventDate "2003.06.18"]

{1MB, Fritz4.ctg
} 1. d4 Nf6 2. c4 g6 3. Nc3 Bg7 4. Nf3 O-O 5. Bg5 d6 6. h3
Nbd7 7. e3 c5 8. Be2 Qa5 9. O-O cxd4 10. exd4 Qd8 11. Qd2 Re8 12. Rfe1 e5 13.
d5 Nc5 14. Bd1 Qe7 15. Bc2 Bd7 16. Rac1 b6 17. Qe3 Qf8 18. Nd2 Nh5 19. Bd1 f6
20. Bxh5 fxg5 21. Bd1 Qf4 22. Nce4 Qxe3 23. Rxe3 Bf8 24. Nf6+ Kg7 25. Nxe8+
Rxe8 26. Ne4 Nb7 27. Nxg5 Be7 28. Ne4 Rf8 29. Rcc3 Bh4 30. Rf3 Bf5 31. Bc2 Rc8
32. Nd2 Bd7 33. Ra3 a5 34. Rfc3 Bg5 35. Ne4 Bd8 36. Ba4 Bf5 37. f3 Bh4 38. Nd2
Be1 39. g4 Bxd2 40. gxf5 Bxc3 41. Rxc3 Nc5 42. Bc2 g5 43. b3 Kf6 44. Kg2 Re8
45. Re3 h5 46. Kg3 Nb7 47. Re2 Nd8 48. Bd1 Kxf5 49. Bc2+ Kf6 50. Rh2 Nf7 51. h4
gxh4+ 52. Rxh4 Rg8+ 53. Kf2 Kg5 54. Rh1 Rh8 55. Rg1+ Kf6 56. Rg6+ Ke7 57. Re6+
Kf8 58. Bg6 Kg7 59. Bxf7 Kxf7 60. Rxd6 h4 61. Kg2 h3+ 62. Kh2 Rh5 63. Rxb6 Rf5
64. Kxh3 Rxf3+ 65. Kg4 Rf2 66. Re6 Rg2+ 67. Kf5 Rf2+ 68. Kxe5 Rxa2 69. Rb6 Rb2
70. c5 Ke7 71. Rb7+ Kd8 72. Kd6 Kc8 1-0

[Event "Slavik 2003"]
[Site "?"]
[Date "2003.06.14"]
[Round "2.8"]
[White "Antos"]
[Black "Palasek"]
[Result "1-0"]
[WhiteElo "1513"]
[BlackElo "1100"]
[PlyCount "87"]
[EventDate "2003.06.18"]

{1MB, Fritz4.ctg
} 1. e4 e5 2. Nf3 Nc6 3. Nc3 Nf6 4. Bc4 Bb4 5. Ng5 d5 6. Bb3
O-O 7. O-O Be6 8. Nxe6 fxe6 9. exd5 exd5 10. d3 Nd4 11. Bg5 Qd6 12. Bxf6 Rxf6
13. Ne4 Qe6 14. Nxf6+ Qxf6 15. Bxd5+ Kh8 16. c3 Rd8 17. Be4 Bd6 18. cxd4 exd4
19. Qh5 g6 20. Qh3 Rg8 21. a3 b5 22. b4 Qf4 23. g3 Qe5 24. f4 Qh5 25. Qg2 Rc8
26. Rac1 c5 27. g4 Qh4 28. Rf3 c4 29. Rh3 Qf6 30. f5 c3 31. fxg6 Bf4 32. Rxh7+
Kg8 33. Bd5+ Kf8 34. Rf1 Ke8 35. Qe4+ Kd8 36. Rxf4 c2 37. Kg2 c1=Q 38. Rxf6
Rc2+ 39. Rf2 Rxf2+ 40. Kxf2 Qc2+ 41. Qe2 Qxe2+ 42. Kxe2 a5 43. g7 axb4 44.
g8=R# 1-0

[Event "Slavik 2003"]
[Site "?"]
[Date "2003.06.14"]
[Round "2.9"]
[White "Hlavaeek"]
[Black "Dubina"]
[Result "1/2-1/2"]
[WhiteElo "1250"]
[BlackElo "1502"]
[PlyCount "141"]
[EventDate "2003.06.18"]

{1MB, Fritz4.ctg
} 1. e4 e5 2. Nf3 Nc6 3. Bb5 a6 4. Ba4 Nf6 5. d3 b5 6. Bb3
Be7 7. O-O d6 8. Nc3 Na5 9. Bg5 Nxb3 10. axb3 Bb7 11. Re1 c5 12. Qd2 O-O 13.
Nh4 b4 14. Na4 Nxe4 15. Bxe7 Qxe7 16. Nf5 Nxd2 17. Nxe7+ Kh8 18. Nf5 Rad8 19.
Re2 Nxb3 20. cxb3 Bd5 21. Nb6 Bxb3 22. Rxa6 f6 23. Nc4 Bxc4 24. dxc4 d5 25.
cxd5 Rxd5 26. g3 c4 27. Rc6 Rd1+ 28. Kg2 Rc1 29. Re4 c3 30. bxc3 Rb8 31. cxb4
Rxc6 32. Ne7 Rcb6 33. Nd5 Rb5 34. Ne3 Rxb4 35. Rxb4 Rxb4 36. Nd5 Rb3 37. Kh3
Kg8 38. Ne7+ Kf7 39. Nf5 Rf3 40. Nd6+ Ke7 41. Ne4 h6 42. Kg2 Ra3 43. Nd2 Ke6
44. Nf1 Kd5 45. Ne3+ Ke4 46. Nf1 Ra2 47. Ne3 g5 48. Nd1 Kd4 49. Ne3 Re2 50. Ng4
f5 51. Nxh6 Ke4 52. Nf7 g4 53. Nd6+ Kd3 54. Nxf5 Kd2 55. Nh6 Re4 56. h3 gxh3+
57. Kxh3 Ke2 58. Kg2 Rc4 59. Nf5 Ke1 60. Ne3 Rc3 61. g4 e4 62. Kg3 Ke2 63. Kf4
Rb3 64. Kxe4 Kxf2 65. Nd5 Kg3 66. g5 Kh4 67. g6 Rg3 68. Ne7 Rg5 69. Nf5+ Kh5
70. g7 Rxg7 71. Nxg7+ 1/2-1/2

[Event "Slavik 2003"]
[Site "?"]
[Date "2003.06.14"]
[Round "2.10"]
[White "Rysavy, Jan"]
[Black "Bouda"]
[Result "1-0"]
[WhiteElo "1250"]
[BlackElo "1309"]
[PlyCount "41"]
[EventDate "2003.06.18"]

{1MB, Fritz4.ctg
} 1. e4 c5 2. Nf3 d6 3. d4 cxd4 4. Nxd4 Nf6 5. Nc3 a6 6. Be3
e5 7. Nf3 b5 8. Qd2 Bb7 9. O-O-O Bxe4 10. Nxe5 Be7 11. f3 Bxc2 12. Kxc2 dxe5
13. Qxd8+ Bxd8 14. h4 Nbd7 15. g4 O-O 16. g5 Bb6 17. Bxb6 Nxb6 18. gxf6 g6 19.
Nd5 Nc4 20. Bxc4 Rac8 21. Ne7+ 1-0

[Event "Slavik 2003"]
[Site "?"]
[Date "2003.06.14"]
[Round "2.11"]
[White "Danik, Roman"]
[Black "Rysavy, Jindoich"]
[Result "0-1"]
[WhiteElo "1000"]
[BlackElo "1100"]
[PlyCount "92"]
[EventDate "2003.06.18"]

{1MB, Fritz4.ctg
} 1. e4 e5 2. Nf3 Nc6 3. Nc3 Nf6 4. Bb5 Bb4 5. Bxc6 dxc6 6.
a3 Bxc3 7. dxc3 Qxd1+ 8. Kxd1 Nxe4 9. Be3 f6 10. c4 Bg4 11. h3 Bxf3+ 12. gxf3
O-O-O+ 13. Ke2 Ng5 14. Bxg5 fxg5 15. Rhg1 h6 16. Rad1 b5 17. Rxd8+ Rxd8 18.
cxb5 cxb5 19. Rg4 Kd7 20. Rb4 a6 21. Re4 Ke6 22. b4 Rd4 23. Rxd4 exd4 24. Kd3
Kd5 25. c3 c5 26. cxd4 cxd4 27. Ke2 Kc4 28. Kd2 Kb3 29. Kd3 Kxa3 30. Kxd4 Kxb4
31. Kd3 Kb3 32. Kd4 a5 33. Kc5 a4 34. Kxb5 a3 35. Kc5 a2 36. Kd5 a1=Q 37. Ke6
Qe1+ 38. Kd5 Kc3 39. Kd6 Kc4 40. Kd7 Qe5 41. Kc6 Qd5+ 42. Kb6 Qc5+ 43. Kb7 Kb5
44. Kb8 Qe7 45. Kc8 Kc6 46. Kb8 Qb7# 0-1

[Event "Slavik 2003"]
[Site "?"]
[Date "2003.06.14"]
[Round "2.12"]
[White "Slavik, Martin"]
[Black "Doležal"]
[Result "0-1"]
[WhiteElo "1100"]
[BlackElo "1250"]
[PlyCount "92"]
[EventDate "2003.06.18"]

{1MB, Fritz4.ctg
} 1. e4 e5 2. Bc4 Bc5 3. Nc3 Nc6 4. Nf3 d6 5. d4 Bb4 6. O-O
Bg4 7. h3 h5 8. Nd5 Rh6 9. Bxh6 Nxh6 10. Nxb4 Nxb4 11. dxe5 Qe7 12. exd6 cxd6
13. Be2 Qxe4 14. Ng5 Qe5 15. Bxg4 Nxg4 16. Nf3 Qxb2 17. Re1+ Ne5 18. Nxe5 dxe5
19. Rb1 Qc3 20. Qd6 Nc6 21. Rbd1 Rd8 22. Qc7 Rxd1 23. Rxd1 e4 24. Qd7+ Kf8 25.
Qxb7 g6 26. Kf1 Qxc2 27. Re1 Qd3+ 28. Kg1 Qd2 29. Rxe4 Qxa2 30. Qxc6 Qb1+ 31.
Kh2 a5 32. Rf4 (32. Re8+ Kg7 33. Qc3+ f6 34. Qc7+ Kh6 35. Qf4+ Kg7 36. Re7+ Kg8
37. Qxf6 Qb8+ 38. g3 Qxg3+ 39. fxg3 a4 40. Qg7#) 32... Qb8 33. g3 g5 34. Rf5 h4
35. Rxg5 hxg3+ 36. fxg3 a4 37. Qxa4 (37. Qc5+ Ke8 38. Rg8+ Kd7 39. Rxb8 f5)
37... Qb2+ 38. Kg1 Qc1+ 39. Kf2 Qxg5 40. h4 Qd2+ 41. Kf3 Qd3+ 42. Kf4 Qf1+ 43.
Kg5 Qf3 44. g4 Kg7 45. Qa7 Qf6+ 46. Kh5 Qg6# 0-1

[Event "Slavik 2003"]
[Site "?"]
[Date "2003.06.15"]
[Round "3.1"]
[White "Danik, Libor"]
[Black "Brazdil"]
[Result "0-1"]
[WhiteElo "1948"]
[BlackElo "2167"]
[PlyCount "81"]
[EventDate "2003.06.18"]

{1MB, Fritz4.ctg
} 1. e4 Nf6 2. e5 Nd5 3. d4 d6 4. Nf3 Nb6 5. a4 a5 6. Nc3 g6
7. Be2 Bg7 8. O-O O-O 9. Re1 Nc6 10. Bf4 Bg4 11. Ng5 Bxe2 12. Rxe2 dxe5 13.
dxe5 e6 14. b3 Qe7 15. Nf3 Rad8 16. Rd2 Qb4 17. Ne2 Rxd2 18. Bxd2 Qc5 19. Be3
Qe7 20. Bg5 Qd7 21. Bf4 Rd8 22. Qe1 h6 23. h3 g5 24. Bg3 Bf8 25. Qc1 Nd5 26. h4
g4 27. Nh2 Bg7 28. c4 Ndb4 29. Nxg4 Qd2 30. Nc3 Qxc1+ 31. Rxc1 Rd3 32. Nf6+
Bxf6 33. exf6 Nd4 34. Bxc7 Nxb3 35. Rb1 Rxc3 36. Bf4 h5 37. Bh6 Kh7 38. Bg5 Nd4
39. Rd1 Rxc4 40. Be3 Nbc2 41. Rb1 0-1

[Event "Slavik 2003"]
[Site "?"]
[Date "2003.06.15"]
[Round "3.2"]
[White "Vymital"]
[Black "Baeak, Martin"]
[Result "0-1"]
[WhiteElo "1863"]
[BlackElo "1995"]
[PlyCount "72"]
[EventDate "2003.06.18"]

{1MB, Fritz4.ctg
} 1. e4 c5 2. Nf3 e6 3. d3 g6 4. g3 Bg7 5. Bg2 Nc6 6. O-O
Nge7 7. Nbd2 O-O 8. Re1 d5 9. c3 b6 10. Nf1 d4 11. c4 e5 12. Nh4 Be6 13. f4 Qd7
14. a3 Rab8 15. Qa4 Na5 16. Qxd7 Bxd7 17. b4 Nb3 18. Rb1 Nxc1 19. Rbxc1 exf4
20. Nf3 fxg3 21. Nxg3 Nc6 22. b5 Ne5 23. Nxe5 Bxe5 24. a4 Kg7 25. Ra1 Bc7 26.
Rf1 a5 27. Rae1 Rbe8 28. Kh1 Re7 29. Rg1 Rfe8 30. Bf3 Kh6 31. Ne2 f5 32. Rg2
fxe4 33. dxe4 Be6 34. Rc1 Bh3 35. Rgg1 Rf8 36. Bg4 Rf2 0-1

[Event "Slavik 2003"]
[Site "?"]
[Date "2003.06.15"]
[Round "3.4"]
[White "Dopita"]
[Black "Zavodsky"]
[Result "1/2-1/2"]
[WhiteElo "1401"]
[BlackElo "1773"]
[PlyCount "134"]
[EventDate "2003.06.18"]

{1MB, Fritz4.ctg
} 1. d4 d5 2. c4 e6 3. Nc3 Nf6 4. Bg5 Nbd7 5. e3 c6 6. Nf3
Qa5 7. c5 Ne4 8. Qc2 e5 9. Be2 Nxg5 10. Nxg5 exd4 11. exd4 Be7 12. Nf3 O-O 13.
O-O Re8 14. Bd3 Nf8 15. Rfe1 Bg4 16. Ne5 Bh5 17. Be2 Bg6 18. Nxg6 hxg6 19. Bg4
Bf6 20. Rxe8 Rxe8 21. Ne2 Bxd4 22. a3 Qxc5 23. Qxc5 Bxc5 24. Kf1 Re4 25. Bc8
Re7 26. Re1 b6 27. Nf4 Rxe1+ 28. Kxe1 Bd6 29. Nd3 c5 30. Bb7 d4 31. b4 Ne6 32.
bxc5 bxc5 33. Ba6 c4 34. Bxc4 Bxa3 35. Kd2 Kf8 36. Ne5 a5 37. Bxe6 (37. Nxg6+
Ke8) 37... fxe6 38. Nxg6+ Ke8 39. Ne5 Bc5 40. Nd3 Bd6 41. g3 a4 42. Nc1 e5 43.
Kd3 Kd7 44. Ke4 Kc6 45. Kd3 Kd5 46. f3 Kc5 47. Na2 a3 48. Kc2 Kc4 49. Nc1 Bb4
50. g4 Bc3 51. h4 Bb2 52. Nd3 Kd5 53. Nxb2 axb2 (53... a2 54. Kd2 a1=Q 55. Nd1)
54. Kxb2 e4 55. fxe4+ Kxe4 56. Kc2 Kf4 57. g5 Kg4 58. g6 Kxh4 59. Kd3 Kg5 60.
Kxd4 Kxg6 61. Ke3 Kg5 62. Kf2 Kf4 63. Kg2 Kg4 64. Kf1 Kf3 65. Kg1 Kg3 66. Kf1
g5 67. Kg1 g4 1/2-1/2

[Event "Slavik 2003"]
[Site "?"]
[Date "2003.06.15"]
[Round "3.3"]
[White "Stec"]
[Black "Petr"]
[Result "1-0"]
[WhiteElo "2055"]
[BlackElo "1649"]
[PlyCount "59"]
[EventDate "2003.06.18"]

{1MB, Fritz4.ctg
} 1. c4 e6 2. d4 Nf6 3. Nc3 Bb4 4. e3 d5 5. Qb3 Be7 6. Bd3 c6
7. Nf3 Nbd7 8. O-O O-O 9. a3 Re8 10. Qc2 Bd6 11. Bd2 dxc4 12. Bxc4 Nb6 13. Ba2
Qc7 14. Rac1 e5 15. Nb5 Qe7 16. Nxd6 Qxd6 17. dxe5 Rxe5 18. Bb4 Qc7 19. Nxe5
Qxe5 20. Qc5 Qe8 21. Qe7 Be6 22. Bxe6 fxe6 23. Qxe8+ Rxe8 24. f3 Nbd5 25. Bd2
Nb6 26. Rfd1 Na4 27. Bc3 Nd5 28. Be5 Nxe3 29. Rd7 Nb6 30. Rxg7+ 1-0

[Event "Slavik 2003"]
[Site "?"]
[Date "2003.06.15"]
[Round "3.5"]
[White "Konopecky"]
[Black "Dvooak, Petr"]
[Result "1-0"]
[WhiteElo "1981"]
[BlackElo "1604"]
[PlyCount "45"]
[EventDate "2003.06.18"]

{1MB, Fritz4.ctg
} 1. h4 d5 2. g3 e5 3. Bg2 Bc5 4. c3 Nc6 5. b4 Bb6 6. b5 Nce7
7. d4 exd4 8. cxd4 Nf5 9. e3 Qd6 10. Ne2 Bd7 11. Qb3 c6 12. Ba3 Qg6 13. Nf4 Qg4
14. Nd2 Ba5 15. Bb4 Bxb4 16. Qxb4 Nxe3 17. fxe3 Qxg3+ 18. Ke2 Qg4+ 19. Bf3 Qf5
20. Rag1 g6 21. Rg5 Qf6 22. Re5+ Kd8 23. Qf8+ 1-0

[Event "Slavik 2003"]
[Site "?"]
[Date "2003.06.15"]
[Round "3.6"]
[White "Martisek"]
[Black "Rysavy, Jan"]
[Result "1-0"]
[WhiteElo "1759"]
[BlackElo "1250"]
[PlyCount "55"]
[EventDate "2003.06.18"]

{1MB, Fritz4.ctg
} 1. e4 e5 2. Nf3 Nc6 3. Bb5 Nf6 4. O-O Bb4 5. c3 Ba5 6. Bxc6
dxc6 7. Nxe5 O-O 8. Re1 Re8 9. d4 c5 10. Nc4 Bb6 11. Nxb6 cxb6 12. Bg5 h6 13.
Bxf6 Qxf6 14. e5 Qg6 15. Nd2 Bh3 16. Qf3 Bg4 17. Qg3 cxd4 18. cxd4 Rad8 19. h3
Bh5 20. Qxg6 Bxg6 21. Nf3 Rc8 22. Rac1 Rxc1 23. Rxc1 Bf5 24. d5 f6 25. e6 Bg6
26. d6 Rxe6 27. d7 Rd6 28. Rc8+ 1-0

[Event "Slavik 2003 "]
[Site "?"]
[Date "2003.06.15"]
[Round "3.7"]
[White "Doležal"]
[Black "Prokopec"]
[Result "0-1"]
[WhiteElo "1250"]
[BlackElo "1680"]
[PlyCount "48"]
[EventDate "2003.06.19"]

{1MB, Fritz4.ctg
} 1. e4 e5 2. Nf3 Nc6 3. Nc3 d6 4. d4 Bg4 5. d5 Nd4 6. Be2
Nxe2 7. Qxe2 Qd7 8. Be3 Nf6 9. O-O Be7 10. h3 Bh5 11. Nb1 Nxe4 12. Nbd2 Nxd2
13. Bxd2 Bxf3 14. Qxf3 O-O 15. Rfe1 f5 16. Qh5 Qb5 17. Re3 f4 18. Rb3 Qxd5 19.
Rd1 Qe4 20. g3 fxg3 21. Rxg3 Bh4 22. Rxg7+ Kxg7 23. Qh6+ Kh8 24. Kh2 Rxf2+ 0-1

[Event "Slavik 2003 "]
[Site "?"]
[Date "2003.06.15"]
[Round "3.8"]
[White "Rozsypalek"]
[Black "Antos"]
[Result "0-1"]
[WhiteElo "1670"]
[BlackElo "1513"]
[PlyCount "95"]
[EventDate "2003.06.19"]

{1MB, Fritz4.ctg
} 1. d4 d5 2. Nf3 Nf6 3. g3 Nc6 4. Bg2 Bg4 5. c3 Bxf3 6. Bxf3
e6 7. Nd2 Be7 8. e4 O-O 9. Bg2 Re8 10. e5 Nd7 11. Nb3 b6 12. Qg4 f5 13. exf6
Nxf6 14. Qxe6+ Kh8 15. O-O Bd6 16. Qh3 Bf8 17. Bg5 Rb8 18. Bxf6 gxf6 19. Rae1
Ne7 20. Re6 Bg7 21. Rfe1 c6 22. Bf1 Qd7 23. Bd3 h6 24. Qh5 a5 25. Qf7 Rf8 26.
Qxe7 Qxe7 27. Rxe7 f5 28. Rc7 a4 29. Nd2 Rbe8 30. Rxe8 Rxe8 31. Kf1 c5 32. dxc5
bxc5 33. Rxc5 d4 34. c4 Rb8 35. Rb5 Rf8 36. b3 axb3 37. Nxb3 Kg8 38. c5 Rf6 39.
Rb6 Rf8 40. a4 f4 41. c6 fxg3 42. hxg3 Be5 43. Kg2 Rc8 44. a5 Bb8 45. Ba6 Rd8
46. Rxb8 Rxb8 47. c7 Kh8 48. cxb8=Q+ 0-1